000 00538nam a2200193Ia 4500
005 20250508152433.0
008 008 250505s9999 xx 000 0 eng d
037 _aBooks to be hide in OPAC
040 _aFEDL
_beng
_cFEDL
041 _aeng
_2eng
084 _a370.3, GOO/O
_qFEDL
100 _aGood Carter V Ed.
245 0 _aDictionary of education
250 _a2nd
260 _aNew York, USA
_bMcGraw-Hill Book Company
_c1959
300 _axxvii,676p.
942 _cHB
_h370.3, GOO/O
999 _c1336415
_d1336415